00448 a2200169 450000100060000002000150000604000220002110000210004324000210006424500160008530000080010136200090010965000230011894200070014195201130014899900170026156924 a8532511198 cAnchieta - Pituba aApplegate, K. A.10aA invasãolpor10aA invasão a1460 a2000 4aLiteratura juvenil cBK 00104070a91.1b91.1d2023-11-21l0oLJ 028.5 A648i APP INVp6673/PITr2023-11-21 18:24:30w2023-11-21yBK c56924d56924